1672 1226 1112 1161 1173 1116 1121 1488 1463 1201 1218 1569 1457 1854 1101 1516 1430 1102 1402 1404 1229 1920 1969 1001 1220 1534 1530 1137 1225 1340 1146 1100 1598 1119 1465 1576 1044 1044 1904 1445 1250 1562 1081 1766 1691 1634 1962 1413 1936 1561 1055 1095 1633 1113 1186 1661 1537 1215 1922 1926 1087 1449 1292 1609 1394 1630 1307 1550 1866 1477 1221 1488 1360 1376 1685 1894 1861 1821 1204 1382 1599 1048 1737 1846 1261 1654 1460 1240 1846 1101 1919 1302 1338 1933 1553 1141 1325 1057 1789 BCNSPRNW ULIB Ver.6.0+V

เปลี่ยนเป็นภาษาไทย

Change to English
 แสดงรายละเอียดบรรณานุกรม
  กลับหน้าหลัก

Brief Record : Get Marc (ISO 2709) : E-mail record : QR code < ปิดหน้าต่าง
LEADER : 00000nas 2200000uu 4500
001    13399126225
003     ULIB
008    180815s||||||||th 000 0 tha d
245 00 ^aวารสารวิทยาลัยพยาบาลบมราชชนนี สุพรรณบุรี/^bวิทยาลัยพยาบาลบรมราชชนนี สุพรรณบุรี
310    ^aราย 6 เดือน
850 ^a ULIB^bปีที่ 1 ฉบับที่ 1 ฉ.1
945    ^p0^l0^i904978
999    ^aประนอม เกษจรัล
รายการนี้ยังไม่มีแท็ก
คุณยังไม่ได้ล็อกอิน คุณสามารถมีกิจกรรมร่วมกับเว็บไซต์ได้ แต่ต้องล็อกอินก่อน ::
  ล็อกอิน

รายการสื่อสารสนเทศ (วารสาร)

ดูแบบ: กล่อง รายการ
ARRIVED
ปีที่ 1 ฉบับที่ 1 ฉ.1
สถานที่: ห้องสมุดวิทยาเขตสวรรค์ประชารักษ์ >วารสาร

BibComment


ยังไม่เคยถูกคอมเมนท์

คอมเมนท์ทรัพยากรรายการนี้
  คอมเมนท์: วารสารวิทยาลัยพย..


 Copyright 2026. Bcnsprnw @Library